Vinieron las lluvias / Luis Bromfield

Novela de ficción romántica que se desarrolla en la India, gira en torno a un médico hindú que acaba de regresar de los Estados Unidos, luego de finalizar sus prácticas médicas en este país, el motivo del regreso del doctor Rama Safti es atender a las personas pobres de Ranchipur, en donde conocerá...

Ausführliche Beschreibung

Gespeichert in:
Bibliographische Detailangaben
1. Verfasser: Bromfield, Luis
Format: Buch
Sprache:Undetermined
Veröffentlicht: Barcelona, España Ediciones del Zodiaco 1943
Schlagworte:
Tags: Tag hinzufügen
Keine Tags, Fügen Sie den ersten Tag hinzu!

MARC

LEADER 00000nam a2200000Ia 4500
008 170316s9999 xx 000 0 und d
040 |a cru BVZT 
090 |a 810 B-22v 
100 |a Bromfield, Luis 
245 |a Vinieron las lluvias / Luis Bromfield 
260 |a Barcelona, España  |b Ediciones del Zodiaco  |c 1943 
300 |a 779 páginas 
520 |a Novela de ficción romántica que se desarrolla en la India, gira en torno a un médico hindú que acaba de regresar de los Estados Unidos, luego de finalizar sus prácticas médicas en este país, el motivo del regreso del doctor Rama Safti es atender a las personas pobres de Ranchipur, en donde conocerá y se relacionará con una mujer que le encanta tener efímeras aventuras amorosas, pero todo cambiará entre ambos cuando se origine una gran catástrofe. Vinieron las lluvias, escrito en 1937 por Louis Bromfield, es una historia adictiva que atrapará al lector de principio a fin. 
650 |a LITERATURA ESTADOUNIDENSE  |9 25 
999 |c 5452  |d 5452 
942 |c 15 D  |h 810 B-22v  |2 z